| 000 -LEADER |
| fixed length control field |
01338nam a2200241Ia 4500 |
| 001 - CONTROL NUMBER |
| control field |
15736 |
| 003 - CONTROL NUMBER IDENTIFIER |
| control field |
GE_BSU |
| 008 - FIXED-LENGTH DATA ELEMENTS--GENERAL INFORMATION |
| fixed length control field |
181216s||||||||xx |||||||||||||| ||und|| |
| 040 ## - CATALOGING SOURCE |
| Transcribing agency |
GE_BSU |
| 080 ## - UNIVERSAL DECIMAL CLASSIFICATION NUMBER |
| Universal Decimal Classification number |
821.353.1-1 + 821.353.1-11 + 821.353.1-32 |
| 100 ## - MAIN ENTRY--PERSONAL NAME |
| Personal name |
ხალვაში, ფრიდონ |
| 245 ## - TITLE STATEMENT |
| Title |
ჩემი სანატრელი. |
| 245 ## - TITLE STATEMENT |
| Remainder of title |
ლექსები. პოემები. მოთხრობები |
| 245 ## - TITLE STATEMENT |
| Statement of responsibility, etc. |
წინასიტყვ. ავტ. გ. აბაშიძე. რედ. ე. ფალიანი. მხ. აკ. თევზაძე |
| 260 ## - PUBLICATION, DISTRIBUTION, ETC. |
| Place of publication, distribution, etc. |
თბილისი |
| 260 ## - PUBLICATION, DISTRIBUTION, ETC. |
| Name of publisher, distributor, etc. |
საბჭ. საქართველო, |
| 260 ## - PUBLICATION, DISTRIBUTION, ETC. |
| Date of publication, distribution, etc. |
1985 |
| 300 ## - PHYSICAL DESCRIPTION |
| Extent |
734გვ. : პორტრ. ; 20სმ. |
| 653 ## - INDEX TERM--UNCONTROLLED |
| Uncontrolled term |
ლექსები. პოემები. მოთხრობები |
| 653 ## - INDEX TERM--UNCONTROLLED |
| Uncontrolled term |
ჩემი სანატრელი. |
| 653 ## - INDEX TERM--UNCONTROLLED |
| Uncontrolled term |
ციკლები: ასი მზე დედის გულისა...; ეს დღე; მითხარ, როგორაა მემლექეთი; იმედი; კეთილი იმედის ზღვა; შორეული სიახლოვე; ვიეტნამის დღიური; დაუვიწყარი 1983-1984 |
| 942 ## - ADDED ENTRY ELEMENTS (KOHA) |
| Koha item type |
წიგნი |